000 00623nam a2200229Ia 4500
003 OSt
005 20221007075325.0
006 a|||||r|||| 00| 0
007 ta
008 221006b |||||||| |||| 00| 0 eng d
024 _a16,660
037 _cTextual
040 _aFLL
_cFLL
_beng
041 _2eng
_aeng
082 _aY1:4:5.2.N5, K9
100 _aKulkarni V.M. Au.
_9693790
245 0 _aVoluntary action in a developing society
260 _aNew Delhi
_bIIPA Pub. India
_c1969
300 _a66p
_ccm.
942 _hY1:4:5.2.N5, K9
_cTEXL
_2CC
999 _c1155623
_d1155623